000
00413nam a22001697a 4500
003
MPLRDC
005
20220104114725.0
008
210129b ||||| |||| 00| 0 eng d
020
_a
957-587-025-5
082
_a
209 WEF
100
_a
吴恩溥、龚天民等合著
245
_a
世界五大宗教
_c
260
_a
_b
圣文社
_c
300
_b
平
650
_a
宗教史及宗教事情
942
_c
BK
_o
209 WEF
999
_c
9733
_d
9723